[Event "Titled Tuesday intern op 23rd Apr Late"]
[Site "Chess.com INT"]
[Date "2024.04.23"]
[Round "4"]
[White "Pavlov, Danila"]
[Black "Souza, Gustavo Horokoski"]
[Result "1-0"]
[WhiteElo "2361"]
[BlackElo "1939"]
[PlyCount "115"]
[EventDate "2024.04.23"]
[EventType "swiss (blitz)"]
[EventRounds "11"]
[EventCountry "USA"]
[SourceTitle "CB18_2024"]
[SourceDate "2024.05.01"]
[SourceVersion "1"]
[SourceVersionDate "2024.05.01"]
[SourceQuality "2"]

1. e4 c5 2. Nf3 d6 3. d4 cxd4 4. Nxd4 Nf6 5. Nc3 Nc6 6. Be3 g6 7. f3 h5 8. Qd2 Nxd4 9. Bxd4 Bh6 10. Be3 Bxe3 11. Qxe3 Be6 12. 0-0-0 Qa5 13. Kb1 Rc8 14. a3 a6 15. h4 Kf8 16. Ne2 Qc5 17. Qxc5 dxc5 18. Nf4 Rc6 19. e5 Ne8 20. Nxe6+ Rxe6 21. f4 Kg7 22. Rd7 b5 23. g3 f6 24. Bh3 f5 25. Bg2 Kf8 26. Rb7 a5 27. Rxb5 Ra6 28. Rxc5 Kf7 29. Rc8 Rf8 30. Rd1 Ng7 31. Bd5+ e6 32. Rc7+ Kg8 33. Bc4 Rb6 34. Rd6 Rfb8 35. b3 a4 36. b4 Kf8 37. Rxb6 Rxb6 38. Ba2 Rb8 39. Rd7 Rc8 40. c4 Ne8 41. c5 Nc7 42. Bc4 Ke8 43. Rd6 Ke7 44. Kc2 Rb8 45. Kc3 Ne8 46. Rxe6+ Kd7 47. c6+ Kc7 48. b5 Kb6 49. Kb4 Nc7 50. Rxg6 Rd8 51. Kxa4 Rd4 52. Kb4 Nd5+ 53. Kb3 Nc7 54. a4 Rd1 55. Rg7 Rg1 56. a5+ Kxa5 57. Rxc7 Rxg3+ 58. Kc2 1-0

[Event "Titled Tuesday intern op 23rd Apr Late"]
[Site "Chess.com INT"]
[Date "2024.04.23"]
[Round "8"]
[White "Souza, Gustavo Horokoski"]
[Black "Melillo, Lucius"]
[Result "1-0"]
[WhiteElo "1939"]
[BlackElo "2274"]
[PlyCount "103"]
[EventDate "2024.04.23"]
[EventType "swiss (blitz)"]
[EventRounds "11"]
[EventCountry "USA"]
[SourceTitle "CB18_2024"]
[SourceDate "2024.05.01"]
[SourceVersion "1"]
[SourceVersionDate "2024.05.01"]
[SourceQuality "2"]

1. c4 Nf6 2. Nc3 g6 3. d4 d5 4. Nf3 Bg7 5. Bf4 0-0 6. e3 c5 7. dxc5 Qa5 8. Rc1 Ne4 9. cxd5 Rd8 10. Qd3 Bf5 11. Qc4 Nd7 12. b4 Bxc3+ 13. Rxc3 b5 14. bxa5 bxc4 15. Rxc4 Ndxc5 16. Be2 Rxd5 17. 0-0 Rad8 18. Nd4 Bd7 19. f3 Nd2 20. Rc2 Nxf1 21. Bxf1 e5 22. Bc4 Rxd4 23. exd4 exf4 24. dxc5 Rc8 25. Bd5 Bc6 26. Bxc6 Rxc6 27. Kf2 f6 28. Ke2 Kf7 29. Kd3 Ke6 30. Kc4 a6 31. Rb2 Ke5 32. Re2+ Kf5 33. Kd5 Rc8 34. c6 Rd8+ 35. Kc5 Rd1 36. c7 Kg5 37. Kb6 Rb1+ 38. Kxa6 Rc1 39. Kb7 Rb1+ 40. Ka7 Rc1 41. Kb8 Rb1+ 42. Kc8 Rc1 43. Re6 Kf5 44. Rb6 Kg5 45. Kb7 Kh4 46. c8Q Rxc8 47. Kxc8 h5 48. a6 g5 49. a7 f5 50. a8Q g4 51. Kb7 g3 52. Qd8# 1-0

[Event "Titled Tuesday intern op 23rd Apr Late"]
[Site "Chess.com INT"]
[Date "2024.04.23"]
[Round "1"]
[White "Souza, Gustavo Horokoski"]
[Black "Mkrtchyan, Mikayel"]
[Result "0-1"]
[WhiteElo "1939"]
[BlackElo "2071"]
[PlyCount "54"]
[EventDate "2024.04.23"]
[EventType "swiss (blitz)"]
[EventRounds "11"]
[EventCountry "USA"]
[SourceTitle "CB18_2024"]
[SourceDate "2024.05.01"]
[SourceVersion "1"]
[SourceVersionDate "2024.05.01"]
[SourceQuality "2"]

1. c4 g6 2. Nc3 Bg7 3. d4 Nf6 4. e4 0-0 5. Be2 d6 6. g4 c5 7. d5 e6 8. h4 exd5 9. exd5 Re8 10. Be3 b5 11. Nxb5 Ne4 12. Nf3 Bxg4 13. Nd2 Bxe2 14. Qxe2 a6 15. Nc3 Nxc3 16. bxc3 Bxc3 17. Rb1 Nd7 18. h5 Rb8 19. Rxb8 Qxb8 20. Kf1 Qb2 21. hxg6 hxg6 22. Qd3 Ne5 23. Qb1 Qxb1+ 24. Nxb1 Ba5 25. Rh4 Rb8 26. Nd2 Bxd2 27. Bxd2 Nf3 0-1

[Event "Titled Tuesday intern op 06th Feb Late"]
[Site "Chess.com INT"]
[Date "2024.02.06"]
[Round "8"]
[White "Palencia Morales, Wilson Guillermo"]
[Black "Souza, Gustavo Horokoski"]
[Result "1-0"]
[WhiteElo "2180"]
[BlackElo "1898"]
[PlyCount "83"]
[EventDate "2024.02.06"]
[EventType "swiss (blitz)"]
[EventRounds "11"]
[EventCountry "USA"]
[SourceTitle "CB07_2024"]
[SourceDate "2024.02.14"]
[SourceVersion "1"]
[SourceVersionDate "2024.02.14"]
[SourceQuality "1"]

1. d4 Nf6 2. c4 g6 3. Nf3 Bg7 4. Nc3 0-0 5. e4 d6 6. Be2 c5 7. d5 e6 8. 0-0 exd5 9. exd5 Re8 10. h3 Nbd7 11. Bf4 Qe7 12. Re1 a6 13. Bf1 Qf8 14. Qd2 Nb6 15. a4 Rb8 16. Rxe8 Nxe8 17. Re1 Bd7 18. a5 Na8 19. Ne4 Bf5 20. g4 Bxe4 21. Rxe4 Nf6 22. Re3 Nc7 23. b4 Nd7 24. Kg2 cxb4 25. Qxb4 Nc5 26. Qb6 Ne8 27. Rxe8 Qxe8 28. Bxd6 Nd7 29. Qa7 Rc8 30. Qxb7 Rd8 31. Qxa6 Ne5 32. Bxe5 Bxe5 33. Qb5 Qxb5 34. cxb5 Rxd5 35. Nxe5 Rxe5 36. a6 Kf8 37. a7 Re8 38. b6 Ke7 39. Bb5 Rc8 40. Bc6 Rxc6 41. a8Q Rxb6 42. Qa7+ 1-0

[Event "Titled Tuesday intern op 06th Feb Late"]
[Site "Chess.com INT"]
[Date "2024.02.06"]
[Round "4"]
[White "Souza, Gustavo Horokoski"]
[Black "Kostiukov, Alexandr"]
[Result "1-0"]
[WhiteElo "1898"]
[BlackElo "2271"]
[PlyCount "107"]
[EventDate "2024.02.06"]
[EventType "swiss (blitz)"]
[EventRounds "11"]
[EventCountry "USA"]
[SourceTitle "CB07_2024"]
[SourceDate "2024.02.14"]
[SourceVersion "1"]
[SourceVersionDate "2024.02.14"]
[SourceQuality "1"]

1. c4 g6 2. d4 Bg7 3. g3 d6 4. Bg2 e5 5. dxe5 dxe5 6. Qxd8+ Kxd8 7. Nc3 c6 8. h4 h5 9. Bg5+ f6 10. Be3 Nd7 11. 0-0-0 Bh6 12. Bxh6 Nxh6 13. Ne4 Ke7 14. Nd6 Ng4 15. Nh3 Rd8 16. b4 a5 17. b5 cxb5 18. cxb5 Nc5 19. Nc4 Be6 20. Nb6 Rab8 21. Kb1 Rd4 22. Rxd4 exd4 23. Nd5+ Bxd5 24. Bxd5 Kd6 25. Bf3 Ne5 26. Rd1 Nxf3 27. exf3 Kd5 28. Nf4+ Kc4 29. Nxg6 Na4 30. Rc1+ Nc3+ 31. Kb2 Kxb5 32. Nf4 Kc4 33. Ne2 Re8 34. Nxc3 dxc3+ 35. Rxc3+ Kd5 36. Re3 Rc8 37. Ra3 b6 38. Rd3+ Ke5 39. Re3+ Kd5 40. Rb3 Rc6 41. Rc3 Re6 42. Re3 Rc6 43. g4 hxg4 44. fxg4 Kd4 45. Rf3 b5 46. Rf5 Rb6 47. g5 fxg5 48. hxg5 a4 49. Rf6 Rb8 50. g6 b4 51. f4 Rh8 52. Rd6+ Kc5 53. Rd2 Rh4 54. Rg2 1-0

[Event "Titled Tuesday intern op 23rd Jan Late"]
[Site "Chess.com INT"]
[Date "2024.01.23"]
[Round "8"]
[White "Blanco Fernandez, Alvaro"]
[Black "Souza, Gustavo Horokoski"]
[Result "1-0"]
[WhiteElo "2167"]
[BlackElo "1898"]
[PlyCount "47"]
[EventDate "2024.01.23"]
[EventType "swiss (blitz)"]
[EventRounds "11"]
[EventCountry "USA"]
[SourceTitle "CB05_2024"]
[SourceDate "2024.01.31"]
[SourceVersion "1"]
[SourceVersionDate "2024.01.31"]
[SourceQuality "1"]

1. d4 Nf6 2. c4 c5 3. Nf3 cxd4 4. Nxd4 e6 5. g3 Nc6 6. Bg2 Bc5 7. Nb3 Bb6 8. 0-0 h6 9. c5 Bc7 10. Nc3 0-0 11. Nb5 b6 12. Nxc7 Qxc7 13. Bf4 e5 14. Be3 bxc5 15. Bxc5 Re8 16. Bd6 Qb6 17. Rc1 Bb7 18. Bc5 Qc7 19. Qd6 Qxd6 20. Bxd6 Re6 21. Ba3 d5 22. Nc5 Re7 23. Nxb7 Rxb7 24. Rxc6 1-0

[Event "Titled Tuesday intern op 23rd Jan Late"]
[Site "Chess.com INT"]
[Date "2024.01.23"]
[Round "11"]
[White "Souza, Gustavo Horokoski"]
[Black "Vargas, Mauricio"]
[Result "1-0"]
[WhiteElo "1898"]
[BlackElo "1958"]
[PlyCount "107"]
[EventDate "2024.01.23"]
[EventType "swiss (blitz)"]
[EventRounds "11"]
[EventCountry "USA"]
[SourceTitle "CB05_2024"]
[SourceDate "2024.01.31"]
[SourceVersion "1"]
[SourceVersionDate "2024.01.31"]
[SourceQuality "1"]

1. c4 e5 2. Nc3 Nc6 3. Nf3 f5 4. e4 d6 5. Bd3 Nf6 6. 0-0 fxe4 7. Nxe4 Nb4 8. Bb1 Bg4 9. a3 Nc6 10. h3 Bh5 11. g4 Bg6 12. Nxf6+ Qxf6 13. Bxg6+ Qxg6 14. Nh4 Qf6 15. Qf3 Qxh4 16. d3 Nd4 17. Qxb7 Qd8 18. Be3 Ne2+ 19. Kg2 Be7 20. Rfe1 Nf4+ 21. Bxf4 exf4 22. Qc6+ Qd7 23. Qxa8+ Qd8 24. Qc6+ Kf7 25. Qd5+ Kf8 26. Qf5+ Bf6 27. Qxf4 Qa8+ 28. Qf3 Qc8 29. Re4 h5 30. g5 Qd8 31. gxf6 gxf6 32. Rae1 Rg8+ 33. Kh2 d5 34. Re8+ Qxe8 35. Rxe8+ Kxe8 36. Qxd5 Rg5 37. Qe6+ Kf8 38. Qxf6+ Kg8 39. Qxg5+ Kf7 40. Qxh5+ Kf6 41. Qg4 a5 42. h4 a4 43. h5 c5 44. h6 Kf7 45. h7 Ke7 46. h8Q Kf7 47. Qh7+ Kf6 48. Qh6+ Ke5 49. Qhh5+ Kd6 50. Qgg6+ Kc7 51. Qhh7+ Kb8 52. Qb6+ Ka8 53. Qa6+ Kb8 54. Qab7# 1-0

[Event "Titled Tuesday intern op 26th Sep Late"]
[Site "Chess.com INT"]
[Date "2023.09.26"]
[Round "2"]
[White "Manukian, Artak"]
[Black "Souza, Gustavo Horokoski"]
[Result "1-0"]
[WhiteElo "2196"]
[BlackElo "1898"]
[PlyCount "59"]
[EventDate "2023.09.26"]
[EventType "swiss (blitz)"]
[EventRounds "11"]
[EventCountry "USA"]
[SourceTitle "EXT 2024"]
[Source "ChessBase"]
[SourceDate "2023.10.10"]
[SourceVersion "1"]
[SourceVersionDate "2023.10.10"]
[SourceQuality "1"]

1. e4 e6 2. d4 d5 3. e5 c5 4. c3 Nc6 5. Nf3 Bd7 6. a3 c4 7. Nbd2 Na5 8. Rb1 Nb3 9. Nxb3 Ba4 10. Nfd2 Qb6 11. Be2 Ne7 12. 0-0 Nc6 13. Qe1 Bxb3 14. Nxb3 Qxb3 15. Bd1 Qb6 16. b4 cxb3 17. Rxb3 Qa5 18. Rxb7 Bxa3 19. Bxa3 Qxa3 20. f4 0-0 21. f5 Na5 22. Rc7 exf5 23. Rxf5 Nc4 24. e6 fxe6 25. Qxe6+ Kh8 26. Qd7 Rg8 27. Rh5 Qxc3 28. Rxh7+ Kxh7 29. Qf5+ Kh6 30. Qh5# 1-0

[Event "Titled Tuesday intern op 18th Jul Early"]
[Site "Chess.com INT"]
[Date "2023.07.18"]
[Round "6"]
[White "Souza, Gustavo Horokoski"]
[Black "Schut, Han"]
[Result "0-1"]
[WhiteElo "1953"]
[BlackElo "2092"]
[PlyCount "112"]
[EventDate "2023.07.18"]
[EventType "swiss (blitz)"]
[EventRounds "11"]
[EventCountry "USA"]
[SourceTitle "EXT 2024"]
[Source "ChessBase"]
[SourceDate "2023.10.10"]
[SourceVersion "1"]
[SourceVersionDate "2023.10.10"]
[SourceQuality "1"]

1. d4 Nf6 2. c4 g6 3. Nc3 d5 4. Nf3 Bg7 5. Bf4 0-0 6. e3 c5 7. dxc5 Qa5 8. Rc1 dxc4 9. Bxc4 Qxc5 10. Bb3 Nc6 11. Nd5 Qa5+ 12. Qd2 Qxd2+ 13. Nxd2 Nxd5 14. Bxd5 Bxb2 15. Rc2 Nb4 16. Rxb2 Nd3+ 17. Ke2 Nxb2 18. Rb1 Na4 19. Bxb7 Nc3+ 20. Kd3 Nxb1 21. Bxa8 Ba6+ 22. Kc2 Na3+ 23. Kb3 Rxa8 24. Kxa3 Rc8 25. Kb3 Bd3 26. a4 Rc2 27. e4 e5 28. Be3 f5 29. exf5 gxf5 30. Nb1 f4 31. Bxa7 Rc7 32. Bb6 Rb7 33. a5 Bxb1 34. Kb4 Bd3 35. Kc5 Kf7 36. Kc6 Be4+ 37. Kd6 Bxg2 38. Kc5 Ke6 39. a6 Rxb6 40. Kxb6 Kf5 41. Kc5 Ba8 42. Kd6 h5 43. Kc5 h4 44. Kc4 h3 45. Kd3 Kg4 46. Ke2 e4 47. Kd2 Kf3 48. Ke1 Kg2 49. a7 Kxh2 50. Kf1 Bb7 51. f3 e3 52. Ke2 Kg2 53. a8Q Bxa8 54. Ke1 h2 55. Ke2 Bxf3+ 56. Ke1 h1Q# 0-1

[Event "Titled Tuesday intern op 18th Jul Early"]
[Site "Chess.com INT"]
[Date "2023.07.18"]
[Round "4"]
[White "Todorovic, Bojan"]
[Black "Souza, Gustavo Horokoski"]
[Result "1-0"]
[WhiteElo "2195"]
[BlackElo "1953"]
[PlyCount "27"]
[EventDate "2023.07.18"]
[EventType "swiss (blitz)"]
[EventRounds "11"]
[EventCountry "USA"]
[SourceTitle "EXT 2024"]
[Source "ChessBase"]
[SourceDate "2023.10.10"]
[SourceVersion "1"]
[SourceVersionDate "2023.10.10"]
[SourceQuality "1"]

1. d4 Nf6 2. c4 c5 3. d5 e6 4. Nc3 exd5 5. cxd5 d6 6. Nf3 g6 7. Nd2 Bg7 8. Nc4 0-0 9. Bf4 Ne8 10. Qd2 a6 11. a4 Qe7 12. Nb6 Qc7 13. Nxa8 Qd8 14. a5 1-0

[Event "Titled Tuesday intern op 11th Jul Early"]
[Site "Chess.com INT"]
[Date "2023.07.11"]
[Round "10"]
[White "Kuchava, Ana"]
[Black "Souza, Gustavo Horokoski"]
[Result "1-0"]
[WhiteElo "2101"]
[BlackElo "1953"]
[PlyCount "79"]
[EventDate "2023.07.11"]
[EventType "swiss (blitz)"]
[EventRounds "11"]
[EventCountry "USA"]
[SourceTitle "EXT 2024"]
[Source "ChessBase"]
[SourceDate "2023.10.10"]
[SourceVersion "1"]
[SourceVersionDate "2023.10.10"]
[SourceQuality "1"]

1. d4 Nf6 2. Nf3 g6 3. c4 Bg7 4. Nc3 0-0 5. e4 d6 6. Be2 Nbd7 7. 0-0 c6 8. Re1 e5 9. Bf1 Re8 10. d5 c5 11. a3 Nh5 12. Qc2 Rf8 13. b4 f5 14. Bg5 Bf6 15. Bxf6 Qxf6 16. Nb5 a6 17. Nc7 Rb8 18. Ne6 Rf7 19. bxc5 Nxc5 20. Nxc5 dxc5 21. Qc3 fxe4 22. Rxe4 Bf5 23. Rxe5 Re7 24. Rae1 Rxe5 25. Qxe5 Rd8 26. Qxf6 Nxf6 27. Re7 Rd7 28. Re1 Be4 29. Ng5 Bf5 30. f3 h6 31. Ne6 b6 32. Kf2 Kf7 33. g4 Bc2 34. Rc1 Ba4 35. Bd3 g5 36. Bf5 Rd6 37. Nc7 b5 38. cxb5 axb5 39. Rxc5 Nxd5 40. Nxd5 1-0

[Event "Titled Tuesday intern op 11th Jul Early"]
[Site "Chess.com INT"]
[Date "2023.07.11"]
[Round "3"]
[White "Novikov, Evgenij"]
[Black "Souza, Gustavo Horokoski"]
[Result "1-0"]
[WhiteElo "2276"]
[BlackElo "1953"]
[PlyCount "73"]
[EventDate "2023.07.11"]
[EventType "swiss (blitz)"]
[EventRounds "11"]
[EventCountry "USA"]
[SourceTitle "EXT 2024"]
[Source "ChessBase"]
[SourceDate "2023.10.10"]
[SourceVersion "1"]
[SourceVersionDate "2023.10.10"]
[SourceQuality "1"]

1. e4 e6 2. Nf3 d5 3. e5 c5 4. b4 cxb4 5. a3 Nc6 6. d4 b3 7. cxb3 Nge7 8. Bd3 Nf5 9. Bb2 Be7 10. 0-0 Bd7 11. Nbd2 Qb6 12. Bxf5 exf5 13. Re1 0-0 14. Nf1 Rac8 15. Ne3 Be6 16. Qd3 f4 17. Nf5 Bxf5 18. Qxf5 Qxb3 19. Rab1 Na5 20. e6 Rce8 21. exf7+ Rxf7 22. Qe6 Qb6 23. Qxd5 Qd8 24. Qa2 Bf6 25. Rxe8+ Qxe8 26. Re1 Qf8 27. d5 Bxb2 28. Qxb2 Kh8 29. Ng5 Rd7 30. Ne6 Qe8 31. h4 h6 32. Qb5 Re7 33. Qxa5 Qd7 34. Qc3 Qxd5 35. Qc8+ Kh7 36. Nf8+ Kg8 37. Rxe7 1-0

[Event "Titled Tuesday intern op 11th Jul Early"]
[Site "Chess.com INT"]
[Date "2023.07.11"]
[Round "9"]
[White "Souza, Gustavo Horokoski"]
[Black "Balla, Tamas Kristof"]
[Result "0-1"]
[WhiteElo "1953"]
[BlackElo "2303"]
[PlyCount "66"]
[EventDate "2023.07.11"]
[EventType "swiss (blitz)"]
[EventRounds "11"]
[EventCountry "USA"]
[SourceTitle "EXT 2024"]
[Source "ChessBase"]
[SourceDate "2023.10.10"]
[SourceVersion "1"]
[SourceVersionDate "2023.10.10"]
[SourceQuality "1"]

1. d4 d5 2. c4 e6 3. g3 c5 4. cxd5 exd5 5. Nf3 Nc6 6. Bg2 Nf6 7. 0-0 Be6 8. Nc3 cxd4 9. Nxd4 Be7 10. Bf4 0-0 11. Rc1 a6 12. a3 h6 13. h4 Qd7 14. Re1 Bh3 15. Bh1 Rad8 16. b4 Rfe8 17. e3 Bd6 18. Bxd6 Qxd6 19. Bg2 Bxg2 20. Kxg2 Ne5 21. Nf3 Nc4 22. Nxd5 Nxd5 23. Rxc4 Nxe3+ 24. fxe3 Qxd1 25. Rxd1 Rxd1 26. Kf2 Ra1 27. Rc3 Ra2+ 28. Kf1 Rd8 29. Nd4 Rd5 30. Kg1 a5 31. b5 g5 32. h5 Re5 33. Nc2 g4 0-1

[Event "Titled Tuesday intern op 11th Jul Early"]
[Site "Chess.com INT"]
[Date "2023.07.11"]
[Round "11"]
[White "Souza, Gustavo Horokoski"]
[Black "Guzman Lozano, Campo Elias"]
[Result "0-1"]
[WhiteElo "1953"]
[BlackElo "1924"]
[PlyCount "50"]
[EventDate "2023.07.11"]
[EventType "swiss (blitz)"]
[EventRounds "11"]
[EventCountry "USA"]
[SourceTitle "EXT 2024"]
[Source "ChessBase"]
[SourceDate "2023.10.10"]
[SourceVersion "1"]
[SourceVersionDate "2023.10.10"]
[SourceQuality "1"]

1. d4 c5 2. d5 Nf6 3. c4 g6 4. Nc3 Bg7 5. Nf3 d6 6. h3 Bf5 7. Bf4 Ne4 8. Qb3 Nxc3 9. bxc3 Qa5 10. Bd2 Qa6 11. g4 Bd7 12. Bg2 0-0 13. Rb1 b6 14. 0-0 Ba4 15. Qb2 Qxc4 16. Ne1 Qxe2 17. Bf3 Qa6 18. Qa3 Bb5 19. Qxa6 Bxa6 20. Nc2 Nd7 21. Rfe1 Rfe8 22. Bg5 Ne5 23. Bg2 h6 24. Bd2 Bd3 25. Rb2 Nc4 0-1

[Event "Titled Tuesday intern op 04th Jul Late"]
[Site "Chess.com INT"]
[Date "2023.07.04"]
[Round "1"]
[White "Souza, Gustavo Horokoski"]
[Black "Droin, Augustin"]
[Result "0-1"]
[WhiteElo "1953"]
[BlackElo "2457"]
[PlyCount "44"]
[EventDate "2023.07.04"]
[EventType "swiss (blitz)"]
[EventRounds "11"]
[EventCountry "USA"]
[SourceTitle "EXT 2024"]
[Source "ChessBase"]
[SourceDate "2023.10.10"]
[SourceVersion "1"]
[SourceVersionDate "2023.10.10"]
[SourceQuality "1"]

1. d4 Nf6 2. c4 e6 3. Nc3 Bb4 4. e3 c5 5. Nge2 0-0 6. a3 Bxc3+ 7. Nxc3 b6 8. Bd3 Bb7 9. f3 d6 10. 0-0 Nc6 11. d5 Ne5 12. Be2 Ba6 13. b3 Re8 14. Bb2 exd5 15. Nxd5 Bb7 16. Nxf6+ Qxf6 17. e4 Qh6 18. Qc1 Qg6 19. Qe3 Rad8 20. Rad1 f5 21. f4 Nf7 22. e5 Qxg2# 0-1

[Event "Titled Tuesday intern op 30th May Early"]
[Site "Chess.com INT"]
[Date "2023.05.30"]
[Round "6"]
[White "Gurevich, Dmitry"]
[Black "Souza, Gustavo Horokoski"]
[Result "1-0"]
[WhiteElo "2393"]
[BlackElo "1953"]
[PlyCount "87"]
[EventDate "2023.05.30"]
[EventType "swiss (blitz)"]
[EventRounds "11"]
[EventCountry "USA"]
[SourceTitle "CBM 214 Extra"]
[Source "ChessBase"]
[SourceDate "2023.07.31"]
[SourceVersion "1"]
[SourceVersionDate "2023.07.31"]
[SourceQuality "1"]

1. d4 Nf6 2. c4 c5 3. Nf3 g6 4. Nc3 cxd4 5. Nxd4 Bg7 6. e4 d6 7. Be2 0-0 8. Be3 Nc6 9. Nc2 a6 10. 0-0 b6 11. Rc1 Bb7 12. f3 Rc8 13. Qd2 Ne5 14. b3 h5 15. Rfd1 Qc7 16. Nb4 Rfd8 17. Bf1 a5 18. Nb5 Qb8 19. Nd5 Bxd5 20. cxd5 Rxc1 21. Rxc1 Ned7 22. Nd4 Nc5 23. Nc6 Qc7 24. b4 axb4 25. Nxd8 Qxd8 26. Qxb4 Nfd7 27. h3 Qa8 28. a3 Qa7 29. Rd1 Be5 30. Bb5 Nf6 31. Rb1 Nfd7 32. a4 f5 33. exf5 gxf5 34. Qh4 f4 35. Bxf4 Bxf4 36. Qxf4 Nf6 37. Qf5 Qa5 38. Qc2 Kg7 39. Qb2 Qa8 40. Re1 Qxd5 41. Rxe7+ Kg6 42. Qc2+ Kh6 43. Re2 Qg5 44. Qd2 1-0

[Event "Titled Tuesday intern op 30th May Late"]
[Site "Chess.com INT"]
[Date "2023.05.30"]
[Round "1"]
[White "Mortazavi, Ali"]
[Black "Souza, Gustavo Horokoski"]
[Result "1-0"]
[WhiteElo "2333"]
[BlackElo "1953"]
[PlyCount "65"]
[EventDate "2023.05.30"]
[EventType "swiss (blitz)"]
[EventRounds "11"]
[EventCountry "USA"]
[SourceTitle "CBM 214 Extra"]
[Source "ChessBase"]
[SourceDate "2023.07.31"]
[SourceVersion "1"]
[SourceVersionDate "2023.07.31"]
[SourceQuality "1"]

1. Nf3 d5 2. g3 Nf6 3. Bg2 g6 4. 0-0 Bg7 5. d3 0-0 6. Nbd2 c5 7. e3 Nc6 8. e4 dxe4 9. dxe4 Bg4 10. h3 Bxf3 11. Qxf3 Nd4 12. Qd1 e5 13. c3 Ne6 14. Qe2 b6 15. a4 Qc7 16. h4 h5 17. Bh3 Qe7 18. Nc4 Nc7 19. Bg5 Rad8 20. Rad1 Rxd1 21. Rxd1 Rd8 22. Ne3 Rxd1+ 23. Qxd1 Qe8 24. Qd6 Ne6 25. Bxf6 Bxf6 26. Nd5 Bg7 27. Bxe6 fxe6 28. Nc7 Qxa4 29. Qxe6+ Kh7 30. Qf7 Qd1+ 31. Kg2 Qd3 32. Ne8 Qxe4+ 33. Kh2 1-0

[Event "Titled Tuesday intern op 30th May Early"]
[Site "Chess.com INT"]
[Date "2023.05.30"]
[Round "2"]
[White "Souza, Gustavo Horokoski"]
[Black "Sai, Han Thiha"]
[Result "0-1"]
[WhiteElo "1953"]
[BlackElo "2070"]
[PlyCount "136"]
[EventDate "2023.05.30"]
[EventType "swiss (blitz)"]
[EventRounds "11"]
[EventCountry "USA"]
[SourceTitle "CBM 214 Extra"]
[Source "ChessBase"]
[SourceDate "2023.07.31"]
[SourceVersion "1"]
[SourceVersionDate "2023.07.31"]
[SourceQuality "1"]

1. d4 Nf6 2. c4 e6 3. Nf3 Bb4+ 4. Bd2 Qe7 5. a3 Bxd2+ 6. Nbxd2 d6 7. g3 0-0 8. Bg2 e5 9. 0-0 e4 10. Ne1 e3 11. Ndf3 exf2+ 12. Rxf2 Ng4 13. Qd3 Nxf2 14. Kxf2 Nc6 15. Kg1 Bg4 16. Rd1 Rae8 17. Rd2 Qe3+ 18. Qxe3 Rxe3 19. h3 Bd7 20. Nc2 Re7 21. Kf2 Rfe8 22. e3 Bf5 23. Nfe1 Be4 24. Bxe4 Rxe4 25. b4 Ne7 26. Nf3 Nf5 27. Re2 h6 28. g4 Ne7 29. Nd2 Re6 30. d5 Rf6+ 31. Kg3 Ng6 32. Nd4 Ne5 33. Nf5 Kh7 34. Ne4 Rg6 35. Nh4 Nxc4 36. Nxg6 Rxe4 37. Kf3 Re8 38. Nf4 Nxa3 39. Ra2 Nb5 40. Ra5 a6 41. Ra1 Re5 42. Rc1 g5 43. Ne2 Rxd5 44. e4 Rd3+ 45. Kg2 Rb3 46. Rc4 Rb2 47. Kf3 Rb3+ 48. Kg2 Kg6 49. Ng3 Rb2+ 50. Kf3 Rh2 51. Nh5 Rxh3+ 52. Kg2 Rb3 53. Ng3 Rb2+ 54. Kg1 c6 55. Nf5 Rb3 56. Ne7+ Kf6 57. Nf5 Rf3 58. Kg2 Rf4 59. Ne3 Ke5 60. Nf5 Rxg4+ 61. Kf3 Rf4+ 62. Kg3 Rxe4 63. Rxe4+ Kxe4 64. Nxh6 f5 65. Nf7 Ke3 66. Nxg5 f4+ 67. Kg2 Nd4 68. Nh3 f3+ 0-1

[Event "Titled Tuesday intern op 30th May Early"]
[Site "Chess.com INT"]
[Date "2023.05.30"]
[Round "5"]
[White "Souza, Gustavo Horokoski"]
[Black "Sant Anna, Eddie Luiz G"]
[Result "1-0"]
[WhiteElo "1953"]
[BlackElo "2003"]
[PlyCount "83"]
[EventDate "2023.05.30"]
[EventType "swiss (blitz)"]
[EventRounds "11"]
[EventCountry "USA"]
[SourceTitle "CBM 214 Extra"]
[Source "ChessBase"]
[SourceDate "2023.07.31"]
[SourceVersion "1"]
[SourceVersionDate "2023.07.31"]
[SourceQuality "1"]

1. d4 Nf6 2. c4 e6 3. Nf3 b6 4. g3 Bb7 5. Bg2 Be7 6. 0-0 0-0 7. Nbd2 d6 8. Qc2 Nbd7 9. e4 e5 10. d5 a5 11. Nb3 a4 12. Nbd2 Nc5 13. Re1 Kh8 14. b3 axb3 15. Nxb3 Nxb3 16. Qxb3 Nd7 17. a4 Nc5 18. Qc2 Qd7 19. a5 bxa5 20. Be3 f6 21. Bxc5 dxc5 22. Reb1 Rfb8 23. Rb5 c6 24. Rbxa5 cxd5 25. Rxa8 Rxa8 26. Rxa8+ Bxa8 27. cxd5 Bb7 28. Bf1 h6 29. Nh4 Kh7 30. Qe2 Bc8 31. Nf5 Bf8 32. Qc4 Qb7 33. Ne3 Qb1 34. Kg2 Bd6 35. Bd3 Qa1 36. Qb3 Qd4 37. Nc4 Ba6 38. Nxd6 Bxd3 39. f3 c4 40. Qd1 Qe3 41. Nf5 Qg5 42. h4 1-0